000 00287nam a2200121 a 4500
001 4140
005 20140414131848.0
008 090218s19uu xx 00 eng d
050 _aM 590.21
_bC25 1997
100 _aCarwardine, Mark
245 _aSleepy and busy animals.
999 _c110053
_d110053